01271cam a22003617a 4500003000500000005001700005008004100022010001000063011001000073020001800083035001100101040000900112082002000121110000800141245004700149260002300196300001000219490006600229590004100295590004100336590004100377590004200418650003900460650002600499650001100525650003800536830007300574901000700647942001000654949008000664999001700744952014800761CHAP20220817044254.0090608s2009 it rn 00010 eng d a96331 a97303 a9789251061862 a107967 cCHAP a639.2bF41 v.122 aFAO10aInformation and knowledge sharingc/by FAO aRome :bFAO,c2009 a97 p. 0aFAO. Orientaciones técnicas para la pesca responsablev; 12 aBATCH-UPDb10c20130110lUCH01h1055 aBATCH-UPDb10c20130410lUCH01h0651 aBATCH-UPDb10c20130914lUCH01h1033 aCONVERSIONb10c20130109lUCH01h135314aConocimiento, Teoría del.92723214aInformación.95807614aPesca.14aSistema de información.9106707 0aFAO. Orientaciones técnicas para la pesca responsablev; 12939642 aBK cLIBRO a639.2 F41 v.12bBCcFAOd33724002097322eFAO1gDonaciØnh110600i107967st c96331d96331 00104053708FAOaBCbBCcPP_FAOd2019-12-31eDonacionfLIBROi127l0o639.2 F41 v.12p33724002097322r2019-12-31 00:00:00w2019-12-31yLIBRO